[Event "FIDE WGP Ankara 2012"]
[Site "Ankara TUR"]
[Date "2012.09.27"]
[Round "10"]
[White "Kosintseva, T."]
[Black "Ju Wenjun"]
[Result "1-0"]
[WhiteElo "2524"]
[BlackElo "2528"]
[PlyCount "59"]
[EventDate "2012.09.16"]
[SourceDate "1999.07.01"]

1. e4 c5 2. Nf3 d6 3. d4 cxd4 4. Nxd4 Nf6 5. Nc3 a6 6. Bg5 e6 7. f4 Be7 8. Qf3
Qc7 9. O-O-O Nbd7 10. g4 b5 11. Bxf6 Nxf6 12. g5 Nd7 13. f5 O-O 14. Qh5 b4 15.
Rd3 bxc3 16. Rxc3 Qb6 17. Nc6 Re8 18. fxe6 Ne5 19. exf7+ Nxf7 20. Bc4 Be6 21.
Bxe6 Bxg5+ 22. Qxg5 Rxe6 23. Ne7+ Kf8 24. Qd5 Kxe7 25. Qxa8 Qf2 26. Qb7+ Kf6
27. Qxa6 Qf4+ 28. Kb1 Qxe4 29. Qf1+ Kg6 30. Rg3+ 1-0

[Event "Vladivostok Russian Cup 2012"]
[Site "Vladivostok RUS"]
[Date "2012.09.25"]
[Round "9.1"]
[White "Smirnov, P."]
[Black "Kokarev, Dm"]
[Result "1/2-1/2"]
[WhiteElo "2599"]
[BlackElo "2604"]
[PlyCount "34"]
[EventDate "2012.09.17"]
[SourceDate "1999.07.01"]

1. e4 c5 2. Nf3 d6 3. d4 cxd4 4. Nxd4 Nf6 5. Nc3 a6 6. Be3 e5 7. Nf3 Be7 8. Bc4
O-O 9. O-O Nc6 10. Re1 b5 11. Bf1 Rb8 12. Bg5 Ng4 13. Bc1 Nf6 14. Bg5 Ng4 15.
Bc1 Nf6 16. Bg5 Ng4 17. Bc1 Nf6 1/2-1/2

[Event "TCh-Moscow 2012"]
[Site "Moscow RUS"]
[Date "2012.09.26"]
[Round "2.1"]
[White "Popov, Iv RUS"]
[Black "Amonatov, F."]
[Result "1/2-1/2"]
[WhiteElo "2614"]
[BlackElo "2610"]
[PlyCount "53"]
[EventDate "2012.09.23"]
[SourceDate "1999.07.01"]
[WhiteTeam "Navigator"]
[BlackTeam "October-DC-MIFI"]

1. e4 c5 2. Nf3 d6 3. d4 cxd4 4. Nxd4 Nf6 5. Nc3 a6 6. Be3 e6 7. f3 b5 8. Qd2
Nbd7 9. g4 b4 10. Nce2 h6 11. O-O-O Qc7 12. h4 d5 13. Bh3 Nb6 14. b3 dxe4 15.
Bf4 e3 16. Qd3 e5 17. Nc6 Nfd5 18. Nxe5 Bb7 19. Ng6 Nxf4 20. Nexf4 Qc3 21. Qxc3
bxc3 22. Nxh8 Ba3+ 23. Kb1 Nc4 24. bxc4 Rb8 25. Nd3 Be4+ 26. Ka1 Bxd3 27. Rxd3
1/2-1/2

[Event "21st TCh-CRO 1a 2012"]
[Site "Sibenik CRO"]
[Date "2012.09.24"]
[Round "2.31"]
[White "Movsesian, S."]
[Black "Fedorchuk, S."]
[Result "0-1"]
[WhiteElo "2705"]
[BlackElo "2646"]
[PlyCount "80"]
[EventDate "2012.09.23"]
[SourceDate "1999.07.01"]
[WhiteTeam "HASK Mladost, Zagreb"]
[BlackTeam "SK Zagreb, Zagreb"]

1. e4 c5 2. Nf3 d6 3. d4 cxd4 4. Nxd4 Nf6 5. Nc3 a6 6. h3 Nc6 7. g4 Nxd4 8.
Qxd4 e5 9. Qd3 Be6 10. f4 Rc8 11. g5 Nd7 12. f5 Bc4 13. Qg3 b5 14. Bg2 b4 15.
Nd1 d5 16. exd5 Bc5 17. Be3 Bd4 18. h4 Qa5 19. f6 gxf6 20. gxf6 Bxd5 21. Rh2
Rxc2 22. Bxd4 exd4 23. Bxd5 b3+ 24. Nc3 dxc3 25. Bxf7+ Kd8 26. Rd1 cxb2+ 27.
Kf1 Qb5+ 28. Kg1 Qb6+ 29. Kh1 Qb7+ 30. Kg1 Rc1 31. Rhd2 b1=Q 32. Rxd7+ Kc8 33.
Qg4 Qb6+ 34. R7d4+ Kb7 35. Bd5+ Ka7 36. Qg7+ Rc7 37. Qxc7+ Qxc7 38. Rxb1 Qb6
39. Rbd1 b2 40. Be4 Rd8 0-1

[Event "21st TCh-CRO 1a 2012"]
[Site "Sibenik CRO"]
[Date "2012.09.28"]
[Round "6.41"]
[White "Balogh, C."]
[Black "Navara, D."]
[Result "1/2-1/2"]
[WhiteElo "2668"]
[BlackElo "2691"]
[PlyCount "96"]
[EventDate "2012.09.23"]
[SourceDate "1999.07.01"]
[WhiteTeam "SK Djuro Djakovic Holding, Slavonski Brod"]
[BlackTeam "SK ETF-Osijek, Osijek"]

1. e4 c5 2. Nf3 d6 3. d4 cxd4 4. Nxd4 Nf6 5. Nc3 a6 6. Bg5 Nbd7 7. f4 g6 8. Qe2
Bg7 9. O-O-O O-O 10. Kb1 Qc7 11. Nf3 e5 12. Qd2 Re8 13. Qxd6 Qxd6 14. Rxd6 exf4
15. Bxf4 Nxe4 16. Nxe4 Rxe4 17. Bg3 Bf8 18. Rd1 b5 19. Bd3 Re8 20. Rhe1 Rxe1
21. Nxe1 Nc5 22. Be2 Bf5 23. Bf3 Re8 24. Nd3 Nxd3 25. cxd3 Bc5 26. Bf4 h5 27.
h3 Bd4 28. g4 hxg4 29. hxg4 Bd7 30. Bd2 b4 31. g5 a5 32. Be4 Kg7 33. Rh1 Be6
34. Rh4 Rd8 35. b3 Be5 36. Be3 Bd4 37. Bf4 Rc8 38. Bd2 Be5 39. Be3 a4 40. bxa4
Rc3 41. Bf4 Bxf4 42. Rxf4 b3 43. axb3 Rxb3+ 44. Kc2 Rb4 45. Kd2 Rxa4 46. Rf2
Ra5 47. Rg2 Bf5 48. Ke3 f6 1/2-1/2

[Event "21st TCh-CRO 1a 2012"]
[Site "Sibenik CRO"]
[Date "2012.09.28"]
[Round "6.42"]
[White "Hracek, Z."]
[Black "Ruck, R1."]
[Result "1/2-1/2"]
[WhiteElo "2619"]
[BlackElo "2567"]
[PlyCount "130"]
[EventDate "2012.09.23"]
[SourceDate "1999.07.01"]
[WhiteTeam "SK ETF-Osijek, Osijek"]
[BlackTeam "SK Djuro Djakovic Holding, Slavonski Brod"]

1. e4 c5 2. Nf3 d6 3. d4 cxd4 4. Nxd4 Nf6 5. Nc3 a6 6. Be3 Ng4 7. Bg5 h6 8. Bh4
g5 9. Bg3 Bg7 10. h3 Nf6 11. Bc4 Qb6 12. Bb3 Nc6 13. Nxc6 Qxc6 14. Qe2 Nd7 15.
Qf3 Bxc3+ 16. bxc3 Nf6 17. e5 Qe4+ 18. Qxe4 Nxe4 19. exd6 Nxg3 20. fxg3 exd6
21. O-O Be6 22. Rae1 Ke7 23. Rxf7+ Kxf7 24. Rxe6 Rad8 25. Rxd6+ Ke7 26. Re6+
Kd7 27. Bd5 Kc7 28. c4 Rd6 29. Re5 Rhd8 30. h4 b5 31. hxg5 hxg5 32. g4 bxc4 33.
Bxc4 Rd4 34. Bxa6 R8d5 35. Re7+ Rd7 36. Re3 Ra4 37. Rc3+ Kb6 38. Bd3 Rxa2 39.
Rc8 Rg7 40. Be4 Ra5 41. Rc6+ Kb5 42. Rc8 Kb4 43. Kf2 Re5 44. Bd3 Rf7+ 45. Bf5
Rg7 46. Kf3 Ree7 47. Bd3 Rgf7+ 48. Kg3 Re3+ 49. Kh2 Rg7 50. Rc4+ Ka3 51. Kg1
Kb2 52. Kf2 Re5 53. Rc8 Kc1 54. Bf5 Kd2 55. Rd8+ Kc3 56. Rf8 Kd2 57. Bd3 Kc3
58. Kf3 Kd2 59. Kf2 Kc3 60. Rd8 Rf7+ 61. Bf5 Rg7 62. Rd3+ Kc4 63. Kf3 Kb4 64.
Rd4+ Kc3 65. Rd6 Kc4 1/2-1/2

[Event "FIDE WGP Ankara 2012"]
[Site "Ankara TUR"]
[Date "2012.09.22"]
[Round "6"]
[White "Kosintseva, T."]
[Black "Cmilyte, V."]
[Result "1-0"]
[WhiteElo "2524"]
[BlackElo "2520"]
[PlyCount "183"]
[EventDate "2012.09.16"]
[SourceDate "1999.07.01"]

1. e4 c5 2. Nf3 d6 3. d4 Nf6 4. Nc3 cxd4 5. Nxd4 a6 6. Be3 e5 7. Nf3 Be7 8. Bc4
O-O 9. O-O Qc7 10. Bb3 Be6 11. Nh4 g6 12. Bh6 Re8 13. Qd2 Nc6 14. Nf5 Bxf5 15.
exf5 Nd4 16. fxg6 hxg6 17. Bg5 Kg7 18. Bh6+ Kg8 19. f4 Qc5 20. Kh1 Nxb3 21.
axb3 exf4 22. Qxf4 Qe5 23. Qf3 Qh5 24. Qxh5 Nxh5 25. Nd5 Rac8 26. c3 f5 27.
Rad1 Bd8 28. Bf4 Re6 29. g3 Rc5 30. Kg2 Ng7 31. Rd3 Kf7 32. Kf2 Nh5 33. Rfd1 a5
34. Be3 Rc6 35. b4 axb4 36. Nxb4 Rc4 37. Rxd6 Be7 38. Rxe6 Kxe6 39. Nd5 Bc5 40.
b3 Bxe3+ 41. Kxe3 Rc8 42. c4 Ke5 43. Nb6 Rc6 44. Nd7+ Ke6 45. Rd5 Nf6 46. Nxf6
Kxf6 47. c5 Re6+ 48. Kd3 b6 49. b4 bxc5 50. Rxc5 g5 51. Rc1 f4 52. Rb1 Ke7 53.
b5 Kd7 54. gxf4 gxf4 55. Rf1 Rh6 56. Rf2 Kc7 57. Ke4 Rh4 58. Rb2 Kb6 59. Kf3
Rh8 60. Kxf4 Rf8+ 61. Kg5 Rg8+ 62. Kf5 Rh8 63. Kg4 Rg8+ 64. Kf3 Rh8 65. Kg2
Rg8+ 66. Kh1 Rh8 67. Rb3 Rh7 68. h3 Rh8 69. Kh2 Rh7 70. Rb4 Rh8 71. Rb1 Rh7 72.
Rb2 Rh8 73. Rb3 Rh7 74. Kg3 Rh8 75. h4 Rg8+ 76. Kh3 Rh8 77. Rb1 Rd8 78. Rb4 Kc5
79. Rb3 Kb6 80. h5 Rd4 81. Rb1 Rd3+ 82. Kg4 Rd4+ 83. Kg5 Rd5+ 84. Kg6 Rd6+ 85.
Kf7 Rd7+ 86. Ke6 Rh7 87. Rh1 Rh6+ 88. Kf5 Kxb5 89. Kg5 Rc6 90. h6 Rc5+ 91. Kf6
Rc6+ 92. Ke5 1-0

[Event "FIDE WGP Ankara 2012"]
[Site "Ankara TUR"]
[Date "2012.09.16"]
[Round "1"]
[White "Muzychuk, A."]
[Black "Ju Wenjun"]
[Result "1/2-1/2"]
[WhiteElo "2606"]
[BlackElo "2528"]
[PlyCount "61"]
[EventDate "2012.09.16"]
[SourceDate "1999.07.01"]

1. e4 c5 2. Nf3 d6 3. d4 cxd4 4. Nxd4 Nf6 5. Nc3 a6 6. Be3 Ng4 7. Bg5 h6 8. Bh4
g5 9. Bg3 Bg7 10. Qd2 Nc6 11. Nb3 Be6 12. h4 Rg8 13. hxg5 hxg5 14. O-O-O Qb6
15. Nd5 Bxd5 16. exd5 Nce5 17. Re1 f5 18. f3 f4 19. fxg4 fxg3 20. Bd3 Qf2 21.
Rhf1 Qxd2+ 22. Nxd2 Nxg4 23. Bf5 Nf2 24. Nc4 Kd8 25. Nb6 Rf8 26. Be6 Ra7 27.
Nc8 Ra8 28. Nb6 Ra7 29. Nc8 Ra8 30. Nb6 Ra7 31. Nc8 1/2-1/2

[Event "Black Sea Countries"]
[Site "Burgas BUL"]
[Date "2012.09.13"]
[Round "2"]
[White "Areshchenko, A."]
[Black "Cheparinov, I."]
[Result "1/2-1/2"]
[WhiteElo "2702"]
[BlackElo "2689"]
[PlyCount "150"]
[EventDate "2012.09.12"]
[SourceDate "1999.07.01"]

1. e4 c5 2. Nf3 d6 3. d4 cxd4 4. Nxd4 Nf6 5. Nc3 a6 6. Be2 e5 7. Nb3 Be7 8. O-O
O-O 9. Re1 Be6 10. Bf3 Qc7 11. Be3 Nbd7 12. a4 Rfc8 13. a5 h6 14. h3 Qc6 15.
Re2 Nf8 16. Rd2 Ng6 17. Nc1 Nh4 18. Nd3 Qe8 19. Na4 Bd8 20. Bb6 Nxf3+ 21. Qxf3
Rc4 22. Bxd8 Rxd8 23. Nc3 Rdc8 24. Qe3 Qc6 25. f3 Qc7 26. f4 Rxc3 27. bxc3 Qxc3
28. Rf1 Rc4 29. fxe5 Nxe4 30. Re2 dxe5 31. Rfe1 Qxa5 32. Qa7 Qd5 33. Qb8+ Rc8
34. Qxe5 Qxe5 35. Nxe5 Nc3 36. Rd2 a5 37. Rd6 a4 38. Rb6 Bd5 39. Nd3 a3 40. Nb4
Be4 41. Ra1 a2 42. Kf1 Rd8 43. g3 Rd2 44. Nxa2 Nd5 45. Rb3 Bxc2 46. Rxb7 Ne3+
47. Ke1 Rh2 48. Rc1 Bd3 49. Nc3 Nc2+ 50. Kd1 Nd4 51. Rd7 Rh1+ 52. Kd2 Nf3+ 53.
Ke3 Rxc1 54. Rxd3 Ne5 55. Rd8+ Kh7 56. Ne2 Rh1 57. h4 Rf1 58. Ke4 Ng4 59. Nf4
Rf2 60. Ra8 g6 61. Ra7 Kg8 62. Ra8+ Kg7 63. Ra7 Rb2 64. Kf3 Nh2+ 65. Ke4 Nf1
66. Ne6+ Kf6 67. Nd8 Nxg3+ 68. Kf3 Rb3+ 69. Kg2 Nf5 70. Rxf7+ Ke5 71. h5 Rb2+
72. Kf3 g5 73. Nc6+ Ke6 74. Nd8+ Ke5 75. Nc6+ Ke6 1/2-1/2

[Event "Black Sea Countries"]
[Site "Burgas BUL"]
[Date "2012.09.13"]
[Round "2"]
[White "Nisipeanu, LD."]
[Black "Jobava, Ba"]
[Result "1/2-1/2"]
[WhiteElo "2648"]
[BlackElo "2734"]
[PlyCount "95"]
[EventDate "2012.09.12"]
[SourceDate "1999.07.01"]

1. e4 c5 2. Nf3 d6 3. d4 cxd4 4. Nxd4 Nf6 5. Nc3 a6 6. Be2 g6 7. Be3 Bg7 8. O-O
O-O 9. a4 Nc6 10. Qd2 Bd7 11. Rfd1 b5 12. axb5 Nxd4 13. Bxd4 axb5 14. Rxa8 Qxa8
15. Bxf6 Bxf6 16. Nd5 Bc6 17. Nxf6+ exf6 18. f3 Rd8 19. Qd4 Kg7 20. Qb6 Be8 21.
c3 Rd7 22. Qxb5 Rb7 23. Qa6 Qxa6 24. Bxa6 Rb6 25. Bf1 Rxb2 26. Rxd6 h5 27. h4
g5 28. Kh2 Rc2 29. Rd8 Bc6 30. Rc8 Bd7 31. Rc7 Be6 32. hxg5 fxg5 33. Ba6 g4 34.
fxg4 Bxg4 35. Kg3 Kf6 36. Bc8 Bxc8 37. Rxc8 h4+ 38. Kf3 Ke5 39. Rc7 Kd6 40. Rc8
Ke5 41. Rc6 Rc1 42. Rc5+ Kd6 43. Rc8 Ke5 44. Re8+ Kf6 45. Rc8 Ke5 46. Rc5+ Kd6
47. Rd5+ Ke6 48. Rc5 1/2-1/2

[Event "3rd Oliver Gonzalez Mem Open A"]
[Site "Madrid ESP"]
[Date "2012.09.09"]
[Round "9.1"]
[White "Kravtsiv, M."]
[Black "Vovk, A."]
[Result "1/2-1/2"]
[WhiteElo "2581"]
[BlackElo "2549"]
[PlyCount "60"]
[EventDate "2012.09.01"]
[SourceDate "1999.07.01"]

1. e4 c5 2. Nf3 d6 3. d4 cxd4 4. Nxd4 Nf6 5. Nc3 a6 6. Bg5 e6 7. f4 Qb6 8. Qd2
Qxb2 9. Rb1 Qa3 10. f5 Nc6 11. fxe6 fxe6 12. Nxc6 bxc6 13. e5 dxe5 14. Bxf6
gxf6 15. Ne4 Be7 16. Be2 h5 17. Rf1 f5 18. Rf3 Qxa2 19. Rfb3 fxe4 20. Qc3 Bd8
21. Qxc6+ Bd7 22. Qxe4 Ke7 23. Rd1 Qa4 24. Rb4 Ba5 25. Qh4+ Ke8 26. Bxh5+ Rxh5
27. Qxh5+ Ke7 28. Qh7+ Ke8 29. Qg8+ Ke7 30. Qg7+ Ke8 1/2-1/2

[Event "40th Olympiad Open"]
[Site "Istanbul TUR"]
[Date "2012.09.03"]
[Round "6.7"]
[White "Leko, P."]
[Black "Wojtaszek, R."]
[Result "1/2-1/2"]
[WhiteElo "2737"]
[BlackElo "2717"]
[PlyCount "61"]
[EventDate "2012.08.28"]
[SourceDate "1999.07.01"]
[WhiteTeam "Hungary"]
[BlackTeam "Poland"]
[WhiteTeamCountry "MLT"]
[BlackTeamCountry "LES"]

1. e4 c5 2. Nf3 d6 3. d4 cxd4 4. Nxd4 Nf6 5. Nc3 a6 6. f3 e5 7. Nb3 Be6 8. Be3
Nbd7 9. Qd2 h5 10. Nd5 Bxd5 11. exd5 g6 12. Be2 Bg7 13. O-O O-O 14. Na5 Rb8 15.
c4 e4 16. f4 Ng4 17. Bxg4 hxg4 18. f5 Qh4 19. Bg5 Qh8 20. Rab1 Be5 21. Bf4 Rfe8
22. fxg6 fxg6 23. Nb3 Rf8 24. Bxe5 Nxe5 25. Qe3 Nxc4 26. Qxe4 Ne5 27. Nd4 Qh6
28. Ne6 Rxf1+ 29. Rxf1 Rc8 30. Qe2 Rc1 31. b3 1/2-1/2

[Event "40th Olympiad Open"]
[Site "Istanbul TUR"]
[Date "2012.09.03"]
[Round "6.13"]
[White "Shanava, K."]
[Black "Barrientos, S."]
[Result "1-0"]
[WhiteElo "2569"]
[BlackElo "2500"]
[PlyCount "81"]
[EventDate "2012.08.28"]
[SourceDate "1999.07.01"]
[WhiteTeam "Georgia"]
[BlackTeam "Colombia"]
[WhiteTeamCountry "JOR"]
[BlackTeamCountry "ETH"]

1. e4 c5 2. Nc3 a6 3. Nf3 d6 4. d4 cxd4 5. Nxd4 Nf6 6. Be2 Nbd7 7. O-O g6 8.
Re1 Bg7 9. a4 O-O 10. h3 h6 11. a5 Nc5 12. Bf3 e5 13. Nb3 Nxb3 14. cxb3 Be6 15.
Be3 Rc8 16. Re2 Qe7 17. Rd2 Rfd8 18. Bb6 Rd7 19. Rc1 Qf8 20. Ra1 Kh7 21. b4 Rc4
22. b5 Rb4 23. bxa6 bxa6 24. Be2 Qa8 25. Qf1 d5 26. exd5 Bxd5 27. Nxd5 Rxd5 28.
Rc2 Nd7 29. Be3 Rd6 30. Rd1 Rxd1 31. Qxd1 Nf8 32. Rc7 Kg8 33. Bc4 Rxb2 34. Qd6
Qe4 35. Qe7 Qf5 36. Bxf7+ Kh8 37. Bc4 Rb1+ 38. Kh2 Qf6 39. Qxf6 Bxf6 40. Bxh6
e4 41. Rc8 1-0

[Event "40th Olympiad Open"]
[Site "Istanbul TUR"]
[Date "2012.09.03"]
[Round "6.15"]
[White "Solak, D."]
[Black "Amonatov, F."]
[Result "1/2-1/2"]
[WhiteElo "2599"]
[BlackElo "2610"]
[PlyCount "64"]
[EventDate "2012.08.28"]
[SourceDate "1999.07.01"]
[WhiteTeam "Turkey"]
[BlackTeam "Tajikistan"]
[WhiteTeamCountry "GAB"]
[BlackTeamCountry "CIB"]

1. e4 c5 2. Nf3 d6 3. d4 cxd4 4. Nxd4 Nf6 5. Nc3 a6 6. Be2 e5 7. Nb3 Be7 8. O-O
O-O 9. Be3 Be6 10. Nd5 Nbd7 11. Qd3 Bxd5 12. exd5 Nc5 13. Nxc5 dxc5 14. Bf3 Bd6
15. Bg5 h6 16. Bh4 Qe7 17. Rfe1 Rae8 18. Re3 g6 19. Rae1 Kg7 20. c4 Qc7 21. Bd1
Nd7 22. Ba4 f5 23. Bxd7 Qxd7 24. f3 g5 25. Bf2 Re7 26. R3e2 Qc7 27. Bg3 h5 28.
Qc3 f4 29. Bf2 Kh6 30. h3 Rg8 31. g4 Rge8 32. Re4 Rh7 1/2-1/2

[Event "40th Olympiad Open"]
[Site "Istanbul TUR"]
[Date "2012.09.04"]
[Round "7.6"]
[White "Felgaer, R."]
[Black "Negi, P."]
[Result "1-0"]
[WhiteElo "2570"]
[BlackElo "2664"]
[PlyCount "71"]
[EventDate "2012.08.28"]
[SourceDate "1999.07.01"]
[WhiteTeam "Argentina"]
[BlackTeam "India"]
[WhiteTeamCountry "ARM"]
[BlackTeamCountry "MRI"]

1. e4 c5 2. Nf3 d6 3. d4 cxd4 4. Nxd4 Nf6 5. Nc3 a6 6. Be2 e6 7. O-O Be7 8. f4
Qc7 9. Kh1 Nc6 10. Be3 Nxd4 11. Bxd4 e5 12. Be3 exf4 13. Bxf4 Be6 14. Qd3 O-O
15. Qg3 Ne8 16. Rad1 f6 17. Bg4 Qd7 18. Bf5 g6 19. Nd5 Bd8 20. Bh6 Rf7 21. Qg4
Ng7 22. Bxg7 Bxf5 23. exf5 Rxg7 24. Qe4 g5 25. Rfe1 Rf7 26. Qd3 Rc8 27. Re6 Kg7
28. c3 Rc5 29. b3 b5 30. h3 a5 31. Qg3 Qc8 32. h4 h6 33. Qf3 Qc6 34. Rd3 Kf8
35. hxg5 fxg5 36. Rxh6 1-0

[Event "40th Olympiad Open"]
[Site "Istanbul TUR"]
[Date "2012.09.05"]
[Round "8.12"]
[White "Saric, Iv"]
[Black "Wojtaszek, R."]
[Result "1/2-1/2"]
[WhiteElo "2638"]
[BlackElo "2717"]
[PlyCount "61"]
[EventDate "2012.08.28"]
[SourceDate "1999.07.01"]
[WhiteTeam "Croatia"]
[BlackTeam "Poland"]
[WhiteTeamCountry "FRM"]
[BlackTeamCountry "LES"]

1. e4 c5 2. Nf3 d6 3. d4 cxd4 4. Nxd4 Nf6 5. Nc3 a6 6. h3 e5 7. Nde2 h5 8. Bg5
Be6 9. Bxf6 Qxf6 10. Nd5 Qd8 11. Qd3 Nc6 12. O-O-O g6 13. Kb1 Bg7 14. f4 Bxd5
15. Qxd5 exf4 16. Nxf4 Qf6 17. Nd3 O-O 18. Be2 Nd4 19. Rdf1 Qe6 20. Qxe6 fxe6
21. Bd1 Rxf1 22. Rxf1 Rf8 23. Rxf8+ Kxf8 24. c3 Nc6 25. Kc2 Kf7 26. Bf3 Ne5 27.
Nxe5+ Bxe5 28. Kd3 Ke7 29. Bd1 Bf4 30. Ba4 h4 31. Bd1 1/2-1/2

[Event "40th Olympiad Open"]
[Site "Istanbul TUR"]
[Date "2012.09.05"]
[Round "8.21"]
[White "Ghaem Maghami, E."]
[Black "Amonatov, F."]
[Result "0-1"]
[WhiteElo "2579"]
[BlackElo "2610"]
[PlyCount "98"]
[EventDate "2012.08.28"]
[SourceDate "1999.07.01"]
[WhiteTeam "Iran"]
[BlackTeam "Tajikistan"]
[WhiteTeamCountry "MDA"]
[BlackTeamCountry "CIB"]

1. e4 c5 2. Nf3 d6 3. d4 cxd4 4. Nxd4 Nf6 5. Nc3 a6 6. Be2 e5 7. Nb3 Be7 8. Bg5
Nbd7 9. a4 h6 10. Bh4 b6 11. Bxf6 Nxf6 12. Bc4 Be6 13. Qd3 Qc8 14. Nd2 O-O 15.
O-O Rd8 16. Rfd1 Qb7 17. Nf1 b5 18. Bd5 Nxd5 19. Nxd5 Bg5 20. g3 h5 21. h4 Bh6
22. Nfe3 Bxe3 23. Nxe3 b4 24. c4 bxc3 25. bxc3 Rac8 26. Rab1 Qa7 27. Nd5 Rc5
28. c4 Bxd5 29. cxd5 Rdc8 30. Qe3 Qd7 31. Qe2 Qxa4 32. Ra1 Rc2 33. Rxa4 Rxe2
34. Rxa6 Rcc2 35. Rxd6 Rxf2 36. Rc6 Rg2+ 37. Kf1 Rcf2+ 38. Ke1 Re2+ 39. Kf1
Ref2+ 40. Ke1 Ra2 41. Kf1 Rh2 42. Kg1 Rag2+ 43. Kf1 Rxg3 44. Rc8+ Kh7 45. Rcc1
f5 46. Re1 f4 47. Rcd1 Rgh3 48. d6 f3 49. Rd3 Ra2 0-1

[Event "40th Olympiad Open"]
[Site "Istanbul TUR"]
[Date "2012.09.06"]
[Round "9.15"]
[White "Quesada Perez, Yu"]
[Black "Neiksans, A."]
[Result "1-0"]
[WhiteElo "2626"]
[BlackElo "2537"]
[PlyCount "101"]
[EventDate "2012.08.28"]
[SourceDate "1999.07.01"]
[WhiteTeam "Cuba"]
[BlackTeam "Latvia"]
[WhiteTeamCountry "GAM"]
[BlackTeamCountry "PAR"]

1. e4 c5 2. Nf3 d6 3. d4 cxd4 4. Nxd4 Nf6 5. Nc3 a6 6. f3 e5 7. Nb3 Be6 8. Be3
Nbd7 9. Qd2 h5 10. Nd5 Nxd5 11. exd5 Bf5 12. Na5 Qc7 13. c4 g6 14. Be2 Bg7 15.
O-O O-O 16. b4 e4 17. f4 Rfe8 18. Rac1 b6 19. Nc6 a5 20. a3 axb4 21. axb4 Nf6
22. Bd4 Ng4 23. Ra1 Bd7 24. Rxa8 Rxa8 25. Bxg7 Kxg7 26. Bxg4 hxg4 27. Qd4+ f6
28. b5 Bf5 29. Ra1 Qc8 30. Kf1 Qh8 31. Ra6 Rxa6 32. bxa6 Qxh2 33. Qe3 g3 34. a7
Bg4 35. Nd4 Qh1+ 36. Qg1 Qh8 37. Ne6+ Bxe6 38. dxe6 Qc8 39. Qd4 Qa6 40. e7 Qa4
41. Qxe4 Qa2 42. Qe2 Qb1+ 43. Qe1 Qd3+ 44. Kg1 Qd4+ 45. Kh1 Qxf4 46. e8=Q Qh4+
47. Kg1 Qh2+ 48. Kf1 Qh1+ 49. Ke2 Qxg2+ 50. Kd3 Qf3+ 51. Kc2 1-0

[Event "40th Olympiad Open"]
[Site "Istanbul TUR"]
[Date "2012.09.07"]
[Round "10.4"]
[White "Ponomariov, R."]
[Black "Safarli, E."]
[Result "1-0"]
[WhiteElo "2734"]
[BlackElo "2620"]
[PlyCount "69"]
[EventDate "2012.08.28"]
[SourceDate "1999.07.01"]
[WhiteTeam "Ukraine"]
[BlackTeam "Azerbaijan"]
[WhiteTeamCountry "FGA"]
[BlackTeamCountry "BHN"]

1. e4 c5 2. Nf3 d6 3. d4 cxd4 4. Nxd4 Nf6 5. Nc3 a6 6. g3 e5 7. Nb3 Be7 8. Bg2
O-O 9. O-O b5 10. a4 b4 11. Nd5 Nxd5 12. Qxd5 Ra7 13. Be3 Be6 14. Qd3 Rb7 15.
Rfc1 Qc7 16. c3 Bc4 17. Qc2 Be6 18. Qd1 Qd8 19. Bf1 bxc3 20. Rxc3 Bg5 21. Bxg5
Qxg5 22. Bc4 Bxc4 23. Rxc4 Nd7 24. Rac1 Qd8 25. Rc6 Qb8 26. Rxd6 Rxb3 27. Rxd7
Rxb2 28. Qd5 Rb1 29. Rxb1 Qxb1+ 30. Kg2 Qa1 31. a5 h6 32. Rd6 Rc8 33. Rxa6 Rc1
34. Ra8+ Kh7 35. Qxf7 1-0

[Event "40th Olympiad Open"]
[Site "Istanbul TUR"]
[Date "2012.09.07"]
[Round "10.14"]
[White "Borisek, J."]
[Black "Brkic, A."]
[Result "1-0"]
[WhiteElo "2554"]
[BlackElo "2587"]
[PlyCount "73"]
[EventDate "2012.08.28"]
[SourceDate "1999.07.01"]
[WhiteTeam "Slovenia"]
[BlackTeam "Croatia"]
[WhiteTeamCountry "ZAR"]
[BlackTeamCountry "FRM"]

1. e4 c5 2. Nf3 d6 3. d4 cxd4 4. Nxd4 Nf6 5. Nc3 a6 6. g3 g6 7. Bg2 Bg7 8. O-O
Bg4 9. f3 Bd7 10. h3 Nc6 11. Nde2 O-O 12. a4 b5 13. Be3 Rb8 14. b3 Nh5 15. axb5
axb5 16. g4 Ng3 17. Nxg3 Bxc3 18. Rb1 Bg7 19. f4 Qc7 20. Qd2 Ra8 21. Rbd1 Rfd8
22. Ne2 Be8 23. Rf2 Rdc8 24. Nc3 Qa5 25. Nd5 Qxd2 26. Rfxd2 Ra2 27. Bf1 b4 28.
Bb5 Kf8 29. Bxc6 Bxc6 30. Nxb4 Rb2 31. e5 Bf3 32. Rf1 dxe5 33. fxe5 Be4 34. Bd4
Rd8 35. Re1 Bb7 36. Bc3 Rxd2 37. Bxd2 1-0

[Event "40th Olympiad Open"]
[Site "Istanbul TUR"]
[Date "2012.09.09"]
[Round "11.9"]
[White "Safarli, E."]
[Black "Sasikiran, K."]
[Result "1/2-1/2"]
[WhiteElo "2620"]
[BlackElo "2707"]
[PlyCount "119"]
[EventDate "2012.08.28"]
[SourceDate "1999.07.01"]
[WhiteTeam "Azerbaijan"]
[BlackTeam "India"]
[WhiteTeamCountry "BHN"]
[BlackTeamCountry "MRI"]

1. e4 c5 2. Nf3 d6 3. d4 cxd4 4. Nxd4 Nf6 5. Nc3 a6 6. Be3 e6 7. g4 h6 8. Bg2
Nc6 9. h3 Be7 10. Qe2 Nxd4 11. Bxd4 e5 12. Be3 b5 13. O-O-O b4 14. Nd5 Nxd5 15.
exd5 a5 16. Be4 Bd7 17. Kb1 a4 18. f4 exf4 19. Bxf4 O-O 20. Qd2 Re8 21. Bd3 b3
22. cxb3 axb3 23. a3 Bf6 24. Bxd6 Bxg4 25. hxg4 Qxd6 26. Rxh6 Red8 27. g5 gxh6
28. gxf6 Qxf6 29. Rg1+ Kh8 30. Rf1 Qg7 31. Bc4 Rab8 32. Rf3 Qg1+ 33. Rf1 Qg5
34. Qc3+ Qg7 35. Qh3 Rb6 36. Bxb3 Rf6 37. Rc1 Rf2 38. Rc3 Qg1+ 39. Rc1 Qg5 40.
Rc6 h5 41. Qc3+ Kg8 42. Ka2 h4 43. d6 Qf6 44. Qc1 h3 45. Rc7 Qxd6 46. Qg5+ Kf8
47. Rc3 h2 48. Rh3 Rxb2+ 49. Kxb2 Qd4+ 50. Ka2 Qf2+ 51. Kb1 Qf1+ 52. Kb2 Qe2+
53. Kb1 Qe1+ 54. Qc1 Qe4+ 55. Ka1 Qe5+ 56. Ka2 Qe2+ 57. Ka1 Qe5+ 58. Ka2 Qe2+
59. Ka1 Qe5+ 60. Ka2 1/2-1/2

[Event "40th Olympiad Open"]
[Site "Istanbul TUR"]
[Date "2012.09.09"]
[Round "11.20"]
[White "Saric, Iv"]
[Black "Amonatov, F."]
[Result "1/2-1/2"]
[WhiteElo "2638"]
[BlackElo "2610"]
[PlyCount "100"]
[EventDate "2012.08.28"]
[SourceDate "1999.07.01"]
[WhiteTeam "Croatia"]
[BlackTeam "Tajikistan"]
[WhiteTeamCountry "FRM"]
[BlackTeamCountry "CIB"]

1. e4 c5 2. Nf3 d6 3. d4 cxd4 4. Nxd4 Nf6 5. Nc3 a6 6. Be3 e5 7. Nb3 Be7 8. Qd2
Ng4 9. g3 Nd7 10. Nd5 Nxe3 11. Nxe3 Nf6 12. Bg2 O-O 13. O-O b5 14. a4 Bb7 15.
Qd3 Qb6 16. a5 Qc7 17. Rfc1 Bc6 18. c4 Qb7 19. Nf5 Rfd8 20. Nxe7+ Qxe7 21. Nd2
Rab8 22. b4 g6 23. Rc2 bxc4 24. Qxc4 Bb5 25. Qb3 Rdc8 26. Rac1 Rxc2 27. Qxc2
Kg7 28. Qc7 Qxc7 29. Rxc7 Bd7 30. Rc4 Be6 31. Rc6 Rxb4 32. Rxd6 Ra4 33. f3 Rxa5
34. Bf1 Ra1 35. Kf2 a5 36. Bc4 Bd7 37. g4 h6 38. h4 g5 39. hxg5 hxg5 40. Nb3
Ra2+ 41. Ke1 Be8 42. Nd2 Ra1+ 43. Ke2 Rc1 44. Bd3 a4 45. Ra6 Rc3 46. Ra5 Nd7
47. Nc4 Nf8 48. Kd2 Rb3 49. Nxe5 Kf6 50. Bc4 Rb2+ 1/2-1/2

[Event "40th Olympiad Open"]
[Site "Istanbul TUR"]
[Date "2012.09.09"]
[Round "11.27"]
[White "Gallagher, Jo"]
[Black "Jumabayev, R."]
[Result "0-1"]
[WhiteElo "2513"]
[BlackElo "2525"]
[PlyCount "88"]
[EventDate "2012.08.28"]
[SourceDate "1999.07.01"]
[WhiteTeam "Switzerland"]
[BlackTeam "Kazakhstan"]
[WhiteTeamCountry "BTN"]
[BlackTeamCountry "NCA"]

1. e4 c5 2. Nf3 d6 3. d4 Nf6 4. Nc3 cxd4 5. Nxd4 a6 6. Bd3 g6 7. O-O Bg7 8. Re1
O-O 9. Bf1 Nc6 10. Nb3 b5 11. Nd5 Nd7 12. c3 e6 13. Ne3 Nb6 14. Nd4 Bb7 15.
Nxc6 Bxc6 16. Nc2 Qc7 17. Bf4 e5 18. Be3 Na4 19. Bc1 Qb7 20. f3 d5 21. Nb4 dxe4
22. Nxc6 Qb6+ 23. Kh1 Qxc6 24. Rxe4 Rfe8 25. Qc2 Nc5 26. Re1 e4 27. fxe4 Nxe4
28. Bf4 Re6 29. Bd3 Rae8 30. Re2 h5 31. a4 bxa4 32. Rxa4 Nxc3 33. bxc3 Rxe2 34.
Bxe2 Rxe2 35. Qxe2 Qxa4 36. g3 Qc6+ 37. Kg1 Bxc3 38. Qd3 a5 39. Bd6 Qb6+ 40.
Kg2 Qd4 41. Qa6 Qe4+ 42. Kh3 Qe6+ 43. Kg2 Bb4 44. Qa8+ Kh7 0-1